000
00288nam a2200109Ia 4500
008
230822s2005 xx 000 0 und d
041
_a
eng
100
_a
RAMAMRUTHAM S & NARAYAN R
245
_a
THEORY OF STRUCTURES
260
_b
DHANPAT RAI PUBLISHING CO. (P) LTD.
_c
2005
300
_a
1428
999
_c
857827
_d
857827